Mes chasses dans la jungle de Sumatra
Gardado en:
| Autor Principal: | |
|---|---|
| Formato: | Libro |
| Idioma: | francés |
| Publicado: |
París
Payot
1938
|
| Edición: | 2a. ed |
| Series: | Bibliothéque Géographique
|
| Subjects: | |
| Tags: |
Engadir etiqueta
Sen Etiquetas, Sexa o primeiro en etiquetar este rexistro!
|
MARC
| LEADER | 00000nam a2200000 a 4500 | ||
|---|---|---|---|
| 001 | UCJ3635 | ||
| 003 | CL-VaPUC | ||
| 008 | 070124e19380000FR |||||||||||||||||fre|d | ||
| 082 | 0 | 4 | |a 910.4 |b BRA |2 21 |
| 100 | 0 | |a Brasser, J. C |e author |9 505702 | |
| 245 | 1 | 0 | |a Mes chasses dans la jungle de Sumatra |
| 250 | |a 2a. ed | ||
| 300 | |a 216 p | ||
| 942 | |c BK | ||
| 945 | |d 20070124 00:00:00 |a rinostro | ||
| 260 | |a París |b Payot |c 1938 | ||
| 650 | 0 | |a Viajes |9 257115 | |
| 650 | 7 | |a SAFARIS |2 CL-VaPUC |9 505703 | |
| 650 | 7 | |a CAZA MAYOR |2 CL-VaPUC |9 505704 | |
| 650 | 7 | |a FAUNA |2 CL-VaPUC |9 349523 | |
| 651 | 7 | |a INDIAS HOLANDESAS |2 CL-VaPUC |9 505705 | |
| 651 | 7 | |a SUMATRA |2 CL-VaPUC |9 504570 | |
| 583 | |a last modification |c 20070124 00:00:00 |k Rodrigo Vera | ||
| 490 | 0 | |a Bibliothéque Géographique | |
| 999 | |c 319757 |d 319755 | ||
| 952 | |0 0 |1 0 |4 0 |6 910_400000000000000_BRA_1938 |7 0 |8 X |9 398131 |a FDOBUD |b FDOBUD |d 2019-11-22 |i 1006347 |o 910.4 BRA 1938 |p 1006347 |r 2019-11-22 |w 2019-11-22 |y BK_X |k BUD | ||